Hướng dẫn tính toán kết cấu nhà hỗn hợp khi xét tải trọng gió /
Sơ đồ tính toán của nhà kết cấu hỗn hợp. Tính toán nhà theo sơ đồ kết cấu cứng, mềm, nửa cứng (nửa mềm). Tường ngang của ngôi nhà có sơ đồ kết cấu cứng và nhà có sơ đồ kết cấu nửa cứng (nửa mềm). Chiều cao tính toán và tiết diện tính toán của tường......
Wedi'i Gadw mewn:
| Awdur Corfforaethol: | |
|---|---|
| Fformat: | Llyfr |
| Iaith: | Vietnamese |
| Cyhoeddwyd: |
Hà Nội :
Xây dựng,
1999.
|
| Pynciau: | |
| Tagiau: |
Ychwanegu Tag
Dim Tagiau, Byddwch y cyntaf i dagio'r cofnod hwn!
|
| Thư viện lưu trữ: | Mạng thư viện Đại học Đà Nẵng |
|---|
| LEADER | 01203cam a2200313 i 4500 | ||
|---|---|---|---|
| 001 | 000004337 | ||
| 003 | 475 | ||
| 005 | 20121211001218.0 | ||
| 008 | 110719s1999 vie | ||
| 020 | |c 7000 | ||
| 040 | |a IRC |c IRC |d IRC | ||
| 041 | 0 | |a vie | |
| 082 | 1 | 4 | |a 690.0289 |b BÔ |
| 110 | 2 | |a Bộ Xây dựng. | |
| 245 | 0 | 0 | |a Hướng dẫn tính toán kết cấu nhà hỗn hợp khi xét tải trọng gió / |c Bộ Xây dựng. |
| 260 | |a Hà Nội : |b Xây dựng, |c 1999. | ||
| 300 | |a 64tr. ; |c 19cm. | ||
| 520 | 3 | |a Sơ đồ tính toán của nhà kết cấu hỗn hợp. Tính toán nhà theo sơ đồ kết cấu cứng, mềm, nửa cứng (nửa mềm). Tường ngang của ngôi nhà có sơ đồ kết cấu cứng và nhà có sơ đồ kết cấu nửa cứng (nửa mềm). Chiều cao tính toán và tiết diện tính toán của tường... | |
| 630 | 0 | 4 | |a Xây dựng. |
| 630 | 0 | 4 | |a Kết cấu nhà hỗn hợp. |
| 650 | 0 | 4 | |a Nhà hỗn hợp |x Kết cấu. |
| OWN | |a LSP | ||
| 999 | |a From the UDN01 | ||
| TYP | |a Monograph | ||
| TYP | |a Printed language | ||
| 980 | |a Mạng thư viện Đại học Đà Nẵng | ||